Building quantities explained. (3rd ed.) (Record no. 78938)

MARC details
000 -LEADER
fixed length control field 00890nam a2200193 a 4500
008 - FIXED-LENGTH DATA ELEMENTS--GENERAL INFORMATION
fixed length control field 120416s1985 ||||||||||||||||| || u
050 ## - LIBRARY OF CONGRESS CALL NUMBER
Classification number TH 435 See
100 ## - MAIN ENTRY--PERSONAL NAME
Personal name Seeley, Ivor H
245 10 - TITLE STATEMENT
Title Building quantities explained. (3rd ed.)
250 ## - EDITION STATEMENT
Edition statement 3rd ed.
260 ## - PUBLICATION, DISTRIBUTION, ETC.
Place of publication, distribution, etc. London:
Name of publisher, distributor, etc. Macmillan
Date of publication, distribution, etc. 1985
300 ## - PHYSICAL DESCRIPTION
Extent xiii, 273p. : ill.
350 ## -
-- 0.00
650 ## - SUBJECT ADDED ENTRY--TOPICAL TERM
Topical term or geographic name entry element BUILDING
650 ## - SUBJECT ADDED ENTRY--TOPICAL TERM
Topical term or geographic name entry element BUILDING--ESTIMATES--GREAT BRITAIN--TERMINOLOGY
995 ## -
-- MAIN LIBRARY OPEN ACCESS
-- 0.00
-- 015269
-- CBU-MAIN LIBRARY (Kitwe)
-- 1
-- 7.45
-- TH 435 See
-- LOST
-- 015269
-- Main Library Open Access Collection
995 ## -
-- BINDERY (DAMAGED)
-- 0.00
-- 711107
-- CBU-MAIN LIBRARY (Kitwe)
-- 3
-- 7.45
-- TH 435 See
-- 1
-- DAMAGED
-- 015267
-- Main Library Open Access Collection
995 ## -
-- BINDERY (DAMAGED)
-- 0.00
-- 709205
-- CBU-MAIN LIBRARY (Kitwe)
-- 2
-- 7.45
-- TH 435 See
-- 1
-- DAMAGED
-- 015268
-- Main Library Open Access Collection
999 ## -
-- 78938
-- 78938

No items available.